Lektury na egzamin ósmoklasisty 2025 - Statystyki

Ogólne statystyki
  • Ten quiz został rozwiązany 304 razy
  • Średni wynik to 11 z 18
Statystyki odpowiedzi
Autor Lektura % Poprawnych
Charles Dickens Opowieść Wigilijna
93%
Antoine de Saint-Exupéry Mały Książę
92%
Adam Mickiewicz Pan Tadeusz
91%
Aleksander Fredro Zemsta
90%
Juliusz Słowacki Balladyna
84%
Aleksander Kamiński Kamienie na szaniec
83%
Henryk Sienkiewicz Quo Vadis
72%
Ferenc Molnár Chłopcy z Placu Broni
67%
Henryk Sienkiewicz Latarnik
60%
Adam Mickiewicz Świtezianka
59%
Stefan Żeromski Syzyfowe Prace
59%
Adam Mickiewicz Reduta Ordona
55%
John Ronald Reuel Tolkien Hobbit, czyli tam i z powrotem
54%
Sławomir Mrożek Artysta
52%
Jan Brzechwa Akademia Pana Kleksa
51%
Adam Mickiewicz Dziady część II
35%
Clive Staples Lewis Opowieści z Narnii. Lew, czarownica i stara szafa
26%
Janusz Christa Kajko i Kokosz. Szkoła latania
20%
Nie znaleziono quizów pasujących do podanych kryteriów
Rozkład punktacji
Procent ludzi z każdym wynikiem
Percentyl według liczby udzielonych odpowiedzi
Twoja historia wyników
Nie rozwiązałeś tego quizu